| 000 | 00690nam a2200181 a 4500 | ||
|---|---|---|---|
| 001 | 000026565 | ||
| 005 | 20200930030305.0 | ||
| 008 | 110323s2000 mx a 000 | spa d | ||
| 020 | _a9683674348 | ||
| 040 |
_aDO-SdBNP _bspa _cBNPHU |
||
| 100 | 1 |
_aPérez de la Cruz, Rosa Elena _953666 |
|
| 245 | 1 | 0 |
_aHistoria de las ideas filosóficas en Santo Domingo durante el siglo XVIII / _cRosa Elena Pérez de la Cruz ; prólogo de Leopoldo Zea. |
| 260 |
_aMéxico : _bUniversidad Nacional Autónoma de México, _c2000. |
||
| 300 |
_a221 p. : _bil. ; _c21 cm. |
||
| 500 | _aIncluye datos biográficos de la autora en la contra-cubierta. | ||
| 700 | 1 |
_aZea, Leopoldo, _epról. _923264 |
|
| 049 | _aBNPD | ||
| 999 |
_c26057 _d26057 |
||